| 000 | 00546nam a22001937a 4500 | ||
|---|---|---|---|
| 003 | OSt | ||
| 005 | 20250612155146.0 | ||
| 008 | 250612b |||||||| |||| 00| 0 eng d | ||
| 020 | _a978-81-966976-9-3 | ||
| 040 | _cSBCL | ||
| 082 |
_a894.8123 _bTHO-A |
||
| 100 | _aThomas,Juleya | ||
| 245 | _aAnuraga Lolagathri | ||
| 250 | _a11th ed. | ||
| 260 |
_aPuthiyangadi _bMankind Literature _c2025 |
||
| 300 | _a176p. | ||
| 650 |
_2Literature & rhetoric _aLiteratures of other languages _vAltaic, Uralic, Hyperborean & Dravidian |
||
| 942 | _cBOOK | ||
| 999 |
_c137035 _d137035 |
||